[Event "Muensterland Verbandsklasse-A 1011"]
[Site "Germany"]
[Date "2010.11.13"]
[Round "3.7"]
[White "Klockenkemper, Nico"]
[Black "Kelecic, Dominik"]
[Result "0-1"]
[WhiteElo "938"]
[BlackElo "1730"]
[PlyCount "46"]
[EventDate "2010.09.18"]
[EventType "team-tourn"]
[EventRounds "9"]
[EventCountry "GER"]
[SourceTitle "EXT 2012"]
[Source "ChessBase"]
[SourceDate "2011.11.24"]
[SourceVersion "1"]
[SourceVersionDate "2011.11.24"]
[SourceQuality "1"]
[WhiteTeam "Metelen"]
[BlackTeam "Suedlohn II"]
[WhiteTeamCountry "GER"]
[BlackTeamCountry "GER"]

1. e4 e5 2. Nf3 Nc6 3. Bc4 Bc5 4. c3 d6 5. d4 exd4 6. cxd4 Bb4+ 7. Bd2 Bxd2+ 8. Nbxd2 Nf6 9. 0-0 0-0 10. Re1 Bg4 11. h3 Bh5 12. e5 dxe5 13. dxe5 Nd7 14. g4 Bg6 15. Nb3 Nb6 16. Nfd2 Qh4 17. Kg2 Rad8 18. Qe2 Nb4 19. Nf3 Qe7 20. e6 Nxc4 21. Qxc4 Nc2 22. exf7+ Qxf7 23. Qxf7+ Bxf7 0-1

[Event "Muensterland Verbandsklasse-B 0910"]
[Site "Germany"]
[Date "2009.09.19"]
[Round "1.8"]
[White "Uekoetter, Klemens"]
[Black "Klockenkemper, Nico"]
[Result "1-0"]
[WhiteElo "1640"]
[BlackElo "901"]
[PlyCount "51"]
[EventDate "2009.09.19"]
[EventType "team-tourn"]
[EventRounds "9"]
[EventCountry "GER"]
[SourceTitle "EXT 2011"]
[Source "ChessBase"]
[SourceDate "2010.11.26"]
[SourceVersion "1"]
[SourceVersionDate "2010.11.26"]
[SourceQuality "1"]
[WhiteTeam "Telgte"]
[BlackTeam "Metelen"]
[WhiteTeamCountry "GER"]
[BlackTeamCountry "GER"]

1. e4 e5 2. Bc4 Nf6 3. Nf3 Nc6 4. Ng5 d5 5. exd5 Nxd5 6. Nxf7 Kxf7 7. Qf3+ Ke6 8. Nc3 Ke7 9. Nxd5+ Ke8 10. 0-0 Nd4 11. Qh5+ g6 12. Qxe5+ Ne6 13. Qxh8 c6 14. Nf6+ Kf7 15. Nxh7 Be7 16. Qxd8 Bxd8 17. d3 Kg7 18. Bxe6 Bxe6 19. Ng5 Bf5 20. Re1 Bf6 21. h4 Rh8 22. g3 Rf8 23. Bd2 Bxb2 24. Rab1 Ba3 25. Rxb7+ Kf6 26. Bc3# 1-0